pokemon 1G,2G,3G,4G - Statistiques

Statistiques générales
  • Ce quiz a été pris 567 fois
  • Le résultat moyen est 385 sur 493
Statistiques - réponses
Hint Réponse % Correct
001 Bulbizarre
98%
007 Carapuce
98%
006 Dracaufeu
98%
004 Salamèche
98%
003 Florizarre
97%
002 Herbizarre
97%
025 Pikachu
97%
008 Carabaffe
96%
005 Reptincel
96%
009 Tortank
96%
026 Raichu
95%
013 Aspicot
94%
010 Chenipan
94%
014 Coconfort
94%
151 Mew
94%
150 Mewtwo
94%
012 Papilusion
94%
018 Roucarnage
94%
016 Roucool
94%
148 Draco
93%
017 Roucoups
93%
011 Chrysacier
92%
015 Dardargnan
92%
133 Evoli
92%
146 Sulfura
92%
134 Aquali
91%
252 Arcko
91%
144 Artikodin
91%
149 Dracolosse
91%
094 Ectoplasma
91%
145 Electhor
91%
155 Hericendre
91%
196 Mentali
91%
147 Minidraco
91%
197 Noctali
91%
021 Piafabec
91%
136 Pyroli
91%
022 Rapasdepic
91%
019 Rattata
91%
135 Voltali
91%
065 Alakazam
90%
204 Arbok
90%
092 Fantominus
90%
152 Germignon
90%
130 Leviator
90%
066 Machoc
90%
067 Machopeur
90%
068 Mackogneur
90%
129 Magicarpe
90%
173 Melo
90%
033 Nidorino
90%
093 Spectrum
90%
023 Abo
89%
063 Abra
89%
250 Ho-oh
89%
064 Kadabra
89%
249 Lugia
89%
035 Mélofée
89%
031 Nidoqueen
89%
030 Nidorina
89%
172 Pichu
89%
255 Poussifeu
89%
020 Rattatac
89%
059 Arcanin
88%
257 Brasegali
88%
058 Caninos
88%
251 Celebi
88%
239 Elekid
88%
156 Feurisson
88%
256 Galifeu
88%
075 Gravalanch
88%
140 Kabuto
88%
158 Kaiminus
88%
240 Magby
88%
126 Magmar
88%
081 Magneti
88%
082 Magneton
88%
253 Massko
88%
154 Meganium
88%
036 Mélodelfé
88%
034 Nidoking
88%
470 Phyllali
88%
474 Porygon-Z
88%
074 Racaillou
88%
143 Ronflex
88%
157 Typhlosion
88%
125 Elektek
87%
244 Entei
87%
038 Feunard
87%
259 Flobio
87%
258 Gobou
87%
076 Grolem
87%
383 Groudon
87%
141 Kabutops
87%
260 Laggron
87%
052 Miaouss
87%
169 Nostenfer
87%
484 Palkia
87%
142 Ptera
87%
039 Rondoudou
87%
100 Voltorbe
87%
266 Armulys
86%
069 Chetiflor
86%
483 Dialga
86%
101 Electrode
86%
078 Galopa
86%
471 Givrali
86%
037 Goupix
86%
385 Jirachi
86%
254 Jungko
86%
382 Kyogre
86%
153 Macronium
86%
029 Nidoran femelle
86%
032 Nidoran mâle
86%
042 Nosferalto
86%
077 Ponyta
86%
243 Raikou
86%
050 Taupiqueur
86%
051 Triopikeur
86%
160 Aligatueur
85%
139 Amonistar
85%
138 Amonita
85%
265 Chenipotte
85%
159 Crocrodil
85%
373 Drattak
85%
071 Empiflor
85%
040 Grodoudou
85%
089 Grotadmorv
85%
462 Magnezone
85%
132 Metamorph
85%
041 Nosferapti
85%
095 Onix
85%
053 Persian
85%
384 Rayquaza
85%
109 Smogo
85%
110 Smogogo
85%
245 Suicune
85%
088 Tadmorv
85%
128 Tauros
85%
393 Tiplouf
85%
389 Torterra
85%
387 Tortipouss
85%
268 Blindalys
84%
070 Boustiflor
84%
267 Charmillon
84%
391 Chimpenfeu
84%
212 Cizayox
84%
482 Crefadet
84%
481 Crefollet
84%
480 Crehelf
84%
246 Embrylex
84%
487 Giratina
84%
123 Insecateur
84%
113 Leveinard
84%
131 Lokhlass
84%
390 Ouisticram
84%
395 Pingoleon
84%
060 Ptitard
84%
111 Rhinocorne
84%
027 Sabelette
84%
392 Simiabraz
84%
120 Stari
84%
121 Staross
84%
107 Tygnon
84%
248 Tyranocif
84%
491 Darkrai
83%
371 Draby
83%
282 Gardevoir
83%
262 Grahyena
83%
106 Kicklee
83%
380 Latias
83%
381 Latios
83%
467 Maganon
83%
261 Medhyena
83%
043 Mystherbe
83%
044 Ortide
83%
269 Papinox
83%
394 Prinplouf
83%
045 Rafflesia
83%
378 Regice
83%
379 Registeel
83%
112 Rhinoféros
83%
028 Sablaireau
83%
280 Tarsal
83%
072 Tentacool
83%
073 Tentacruel
83%
174 Toudoudou
83%
247 Ymphect
83%
388 Boskara
82%
386 Deoxys
82%
466 Elekable
82%
398 Etouraptor
82%
396 Etourmi
82%
397 Etourvol
82%
281 Kirlia
82%
048 Mimitoss
82%
377 Regirock
82%
127 Scarabrute
82%
214 Scarhino
82%
062 Tartard
82%
061 Tetarte
82%
049 Aeromite
81%
215 Farfuret
81%
097 Hypnomade
81%
490 Manaphy
81%
376 Metalosse
81%
489 Phione
81%
486 Regigigas
81%
208 Steelix
81%
493 Arceus
80%
236 Debugant
80%
372 Drackhaus
80%
200 Feuforeve
80%
115 Kangourex
80%
237 Kapoera
80%
242 Leuphorie
80%
264 Lineon
80%
375 Metang
80%
122 M.Mime
80%
312 Negapi
80%
311 Posipi
80%
096 Soporifik
80%
374 Terhal
80%
175 Togepi
80%
263 Zigzaton
80%
349 Barpau
79%
400 Castorno
79%
488 Cresselia
79%
084 Doduo
79%
080 Flagadoss
79%
161 Fouinette
79%
117 Hypocean
79%
230 Hyporoi
79%
116 Hypotrempe
79%
399 Keunotor
79%
238 Lippouti
79%
403 Lixy
79%
448 Lucario
79%
137 Porygon
79%
079 Ramoloss
79%
355 Skelenox
79%
176 Togetic
79%
057 Colossinge
78%
461 Dimoret
78%
085 Dodrio
78%
056 Ferosinge
78%
162 Fouinar
78%
446 Goinfrex
78%
124 Lippoutou
78%
404 Luxio
78%
405 Luxray
78%
429 Magireve
78%
167 Mimigal
78%
464 Rhinastoc
78%
356 Teraclope
78%
320 Wailmer
78%
321 Wailord
78%
354 Branette
77%
083 Canarticho
77%
445 Carchacrok
77%
308 Charmina
77%
091 Crustabri
77%
108 Excelangue
77%
365 Kaimorse
77%
090 Kokiyas
77%
087 Lamantine
77%
307 Meditikka
77%
168 Migalos
77%
350 Milobellus
77%
363 Obalie
77%
362 Oniglali
77%
086 Otaria
77%
353 Polichombr
77%
440 Ptiravi
77%
447 Riolu
77%
199 Roigada
77%
114 Saquedeneu
77%
319 Sharpedo
77%
492 Shaymin
77%
361 Stalgamin
77%
201 Zarbi
77%
227 Airmure
76%
279 Bekipan
76%
323 Camerupt
76%
297 Hariyama
76%
277 Heledelle
76%
182 Joliflor
76%
287 Parecool
76%
364 Phogleur
76%
118 Poissirene
76%
407 Roserade
76%
185 Simularbre
76%
275 Tengalice
76%
318 Carvanha
75%
309 Dynavolt
75%
241 Ecremeuh
75%
310 Elecsprint
75%
306 Galeking
75%
475 Gallame
75%
278 Goelise
75%
485 Heatran
75%
163 Hoothoot
75%
296 Makuhita
75%
439 Mime.Jr
75%
292 Munja
75%
276 Nirondelle
75%
103 Noadkoko
75%
164 Noarfang
75%
046 Paras
75%
233 Porygon2
75%
465 Bouldeneu
74%
322 Chamallot
74%
366 Coquiperl
74%
305 Galegon
74%
304 Galekid
74%
273 Grainipiot
74%
099 Krabboss
74%
408 Kranidos
74%
345 Lilia
74%
271 Lombre
74%
272 Ludicolo
74%
289 Monaflemit
74%
290 Ningale
74%
102 Noeunoeuf
74%
105 Ossatueur
74%
104 Osselait
74%
119 Poissoroy
74%
054 Psykokwak
74%
315 Roselia
74%
367 Serpang
74%
336 Seviper
74%
186 Tarpaud
74%
288 Vigoroth
74%
055 Akwakwak
73%
194 Axoloto
73%
444 Carmache
73%
409 Charkos
73%
221 Cochignon
73%
229 Demolosse
73%
358 Eoko
73%
443 Griknot
73%
098 Krabby
73%
180 Lainergie
73%
171 Lanturn
73%
330 Libegon
73%
218 Limagma
73%
170 Loupio
73%
370 Lovdisc
73%
228 Malosse
73%
473 Mammochon
73%
195 Maraiste
73%
220 Marcacrin
73%
478 Momartik
73%
270 Nenupiot
73%
291 Ninjask
73%
477 Noctunoir
73%
047 Parasect
73%
181 Pharamp
73%
274 Pifeuil
73%
202 Qulbutoke
73%
406 Rozbouton
73%
346 Vacilys
73%
293 Chuchmur
72%
463 Coudlangue
72%
410 Dinoclier
72%
207 Scorplane
72%
338 Solaroc
72%
302 Tenefix
72%
468 Togekiss
72%
217 Ursaring
72%
347 Anorith
71%
348 Armaldo
71%
285 Balignon
71%
340 Barbicha
71%
295 Brouhabam
71%
286 Chapignon
71%
324 Chartor
71%
412 Cheniti
71%
344 Kaorine
71%
335 Mangriff
71%
479 Motisma
71%
414 Papilord
71%
294 Ramboum
71%
369 Relicanth
71%
368 Rosabyss
71%
337 Seleroc
71%
219 Volcaropod
71%
343 Balbuto
70%
411 Bastiodon
70%
460 Blizzaroi
70%
459 Blizzi
70%
413 Cheniselle
70%
198 Cornebre
70%
189 Cotovol
70%
165 Coxy
70%
166 Coxyclaque
70%
226 Demanta
70%
313 Muciole
70%
418 Mustebouée
70%
419 Musteflott
70%
360 Okeoke
70%
223 Remoraid
70%
472 Scorvol
70%
327 Spinda
70%
442 Spiritomb
70%
216 Teddiursa
70%
329 Vibraninf
70%
179 Wattouat
70%
334 Altaria
69%
339 Barloche
69%
328 Kraknoix
69%
314 Lumivole
69%
438 Manzai
69%
299 Tarinor
69%
193 Yanma
69%
234 Cerfrousse
68%
431 Chaglam
68%
401 Crikzik
68%
188 Floravol
68%
352 Kecleon
68%
402 Melokrik
68%
333 Tylton
68%
190 Capumain
67%
430 Corboss
67%
203 Girafarig
67%
187 Granivol
67%
224 Octillery
67%
359 Absol
66%
415 Apitrini
66%
283 Arakdo
66%
184 Azumarill
66%
458 Babimanta
66%
425 Baudrive
66%
331 Cacnea
66%
332 Cacturne
66%
424 Capidextre
66%
432 Chaffreux
66%
454 Coatox
66%
341 Ecrapince
66%
316 Gloupti
66%
303 Mysdibule
66%
417 Pachirisu
66%
300 Skitty
66%
476 Tarinorme
66%
357 Tropius
66%
455 Vortente
66%
469 Yanmega
66%
317 Avaltout
65%
298 Azurill
65%
225 Cadoizo
65%
342 Colhomard
65%
301 Delcatty
65%
205 Foretress
65%
426 Grodrive
65%
192 Heliatronc
65%
183 Marill
65%
351 Morpheo
65%
434 Moufouette
65%
204 Pomdepik
65%
213 Caratroc
64%
453 Cradopaud
64%
177 Natu
64%
209 Snubbull
64%
178 Xatu
64%
416 Apireine
63%
452 Drascore
63%
210 Granbull
63%
206 Insolourdo
63%
433 Korillon
63%
457 Lumineon
63%
435 Moufflair
63%
231 Phanpy
63%
235 Queulorior
63%
211 Qwilfish
63%
420 Ceribou
62%
421 Ceriflor
62%
450 Hippodocus
62%
284 Maskadra
62%
451 Rapion
62%
325 Spoink
62%
191 Tournegrin
62%
232 Donphan
61%
456 Ecayon
60%
326 Groret
60%
436 Archeomire
59%
449 Hippopotas
59%
437 Archeodong
58%
222 Corayon
56%
441 Pijako
56%
423 Tritosor
56%
427 Laporeille
55%
422 Sancoki
55%
428 Lockpin
54%
Aucun quiz correspondant
Distribution des résultats
% des personnes avec chaque résultat
Percentile par nombre de réponses
Votre historique - résultats
Vous n’avez pas pris ce quiz